| 000 | 00544cam a2200205ua 4500 | ||
|---|---|---|---|
| 001 | 10215 | ||
| 008 | 180404n ii |||gr||||Z||||||asm | ||
| 020 | _a9789382030386 | ||
| 040 | _cMAIN | ||
| 041 | _aasm | ||
| 082 | _a338.954 | ||
| 100 |
_aAhmed, Rofique, _eAuthor. |
||
| 245 |
_aDevelopment economics with Indian perspective-I (A) _cBy Rofique Ahmed |
||
| 250 | _a4th ed. | ||
| 260 |
_aJorhat: _bUnika prakashan, _c2017. |
||
| 300 | _a362p. | ||
| 653 | _aProduction | ||
| 653 | _aBharatar prekshapotot unnayan arthashastra | ||
| 942 | _cBK | ||
| 999 |
_c9212 _d9212 |
||